000 00304nam a22001097a 4500
005 20251009104630.0
008 251009b |||||||| |||| 00| 0 eng d
040 _cPK-LaNCA
082 _a711.558
_bKEY
245 _aKey contemporary buildings: plans, sections and elevations with 1 CD Rom
942 _cBK
999 _c66930
_d66930